| 000 | 01948nam a2200541 i 4500 | ||
|---|---|---|---|
| 001 | 28107 | ||
| 003 | KOSZ 005 | ||
| 005 | 20220509114640.0 | ||
| 008 | 220506s1985 pl a f 001 0 pol | ||
| 015 | _aUWD 1985/5836 | ||
| 020 | _a8301058277 | ||
| 035 | _a991008264929705066 | ||
| 035 | _a(PL-WaBN)b12129835-48omnis_nlop | ||
| 035 | _ab12129835 | ||
| 035 | _a(OCoLC)749492395 | ||
| 035 | _azz2004948814 | ||
| 035 | _a(PL)b0000001212983 | ||
| 035 | _a(EXLNZ-48OMNIS_NETWORK)9910051521605606 | ||
| 040 |
_aWA N _cWA N _dKOSZ 005/RW |
||
| 041 | 1 |
_apol _heng |
|
| 046 | _k1979 | ||
| 080 | _a551.4 | ||
| 245 | 0 | 0 |
_aGeomorfologia dynamiczna : _bpraca zbiorowa / _cpod redakcją Clifforda Embletona i Johna Thornesa ; z angielskiego przełożył Jacek Gawlik. |
| 246 | 1 |
_iTytuł oryginału: _aProcess in geomorphology, _f1979 |
|
| 250 | _aWydanie I. | ||
| 260 |
_aWarszawa : _bPaństwowe Wydawnictwo Naukowe, _c1985. |
||
| 300 |
_a478, [1] stron, [16] stron tablic : _bfotografie, rysunki, wykresy ; _c25 cm. |
||
| 336 |
_aTekst _btxt _2rdacontent |
||
| 337 |
_aBez urządzenia pośredniczącego _bn _2rdamedia |
||
| 338 |
_aWolumin _bnc _2rdacarrier |
||
| 380 | _aKsiążki | ||
| 380 | _aPublikacje naukowe | ||
| 388 | 1 | _a1901-2000 | |
| 388 | 1 | _a1945-1989 | |
| 504 | _aBibliografia na stronach 434-[467]. Indeks. | ||
| 650 | 7 |
_aGeologia dynamiczna _2DBN |
|
| 650 | 7 |
_aGeomorfologia _2DBN |
|
| 650 | 7 |
_aRzeźba terenu _2DBN |
|
| 655 | 7 | _aPraca zbiorowa | |
| 658 | _aGeografia i nauki o Ziemi | ||
| 700 | 1 |
_aEmbleton, Clifford _d(1931-1994) _eRedakcja |
|
| 700 | 1 |
_aGawlik, Jacek _eTłumaczenie |
|
| 700 | 1 |
_aThornes, John B. _d(1940-2008) _eRedakcja |
|
| 710 | 2 |
_aPaństwowe Wydawnictwo Naukowe _4pbl |
|
| 856 |
_uhttp://koha.tu.koszalin.pl/cgi-bin/koha/opac-detail.pl?biblionumber=28107 _yKatalog online BPK |
||
| 942 |
_2UKD _cKS |
||
| 999 |
_c28107 _d28107 |
||